Ingresos brutos y otros impuestos de la provincia de Buenos Aires /

Guardado en:
Autor Corporativo: Argentina.
Otros Autores: Scoppetta, Miguel Angel. (Director)
Formato: Libro
Idioma:Spanish
Publicado: Buenos Aires : Aplicación Tributaria, 1999.
Materias:
Etiquetas: Agregar Etiqueta
Sin Etiquetas, Sea el primero en etiquetar este registro!
LEADER 00859nam a22002055a 4500
001 EAD.ead000397
008 060517s1999####ag###########f000#0#spa#d
005 20140606131007.0
245 0 0 |a Ingresos brutos y otros impuestos de la provincia de Buenos Aires /  |c dirección: Miguel Angel Scoppetta ; coordinación: Silvia Grenabuena. 
260 |a Buenos Aires :  |b Aplicación Tributaria,  |c 1999. 
300 |a x, 155 p. ;  |c 28 cm. 
505 0 |a Código fiscal -- Decretos reglamentarios -- Ley impositiva 1999 -- Normas complementarias -- Impuestos mínimos. 
700 1 |a Scoppetta, Miguel Angel.  |4 drt 
710 1 2 |a Argentina.  |t Ley no. 10.397. 
043 |a s--ag--- 
082 0 4 |a 336.2013  |2 21 
653 |a Código fiscal 
653 |a Impuesto sobre los ingresos brutos 
653 |a Impuesto de sellos 
859 |a AR-BaBDC  |b BIB. ADMINISTRACION - Libros  |h 336.2013  |i Sc68  |p b05262